000 00341nam a2200133Ia 4500
008 151001s9999||||xx |||||||||||||| ||und||
100 _aना ह आपटे
245 _aपुरुषाचे भाग्य
250 _a4
260 _bसौ सरस्वती आपटे
260 _c1961
300 _a88
365 _b7
999 _c952500
_d952497